[Event "Pan American-ch School U15 12th"]
[Site "Callao"]
[Date "2023.10.16"]
[Round "1"]
[White "Chesa Horiuchi, Nikolas Gabriel"]
[Black "Rojas Linares, Nicolas Gabriel"]
[Result "0-1"]
[WhiteElo "1314"]
[BlackElo "1767"]
[PlyCount "110"]
[EventDate "2023.10.16"]
[EventType "swiss"]
[EventRounds "9"]
[EventCountry "PER"]
[SourceTitle "Mega2024 Update 01"]
[Source "Chessbase"]
[SourceDate "2023.11.12"]
[SourceVersion "1"]
[SourceVersionDate "2023.11.12"]
[SourceQuality "1"]

1. c4 e5 2. Nc3 Bb4 3. Nf3 Nc6 4. d3 Nf6 5. Bg5 h6 6. Bxf6 Qxf6 7. Nd2 Bxc3 8. bxc3 d6 9. g3 0-0 10. Bg2 Bd7 11. 0-0 Qg6 12. Rb1 Rab8 13. e4 f5 14. exf5 Bxf5 15. Be4 Kh8 16. f3 Qg5 17. Bxf5 Qe3+ 18. Kg2 Rxf5 19. Ne4 h5 20. Qd2 Qxd2+ 21. Nxd2 b6 22. Rbe1 Rbf8 23. h4 Nb8 24. Ne4 Kg8 25. Ng5 Nc6 26. Re4 Nd8 27. f4 Nf7 28. Ne6 Rc8 29. fxe5 Rxf1 30. Kxf1 Nxe5 31. Ke2 Kf7 32. Ng5+ Kg6 33. Rf4 Re8 34. Kd2 a5 35. a4 Re7 36. Nf3 Nd7 37. d4 Nf6 38. Ng5 Re8 39. Rf3 Re7 40. Re3 Rxe3 41. Kxe3 Kf5 42. Kf3 d5 43. cxd5 Nxd5 44. c4 Nc3 45. Nh3 Nxa4 46. Nf4 Nb2 47. Nxh5 a4 48. g4+ Kg6 49. Nf4+ Kf7 50. Ne2 Nxc4 51. Nc3 a3 52. Ke2 b5 53. Kd3 c6 54. Na2 Ke6 55. Nc3 Nb6 0-1

[Event "South America-ch 1st"]
[Site "Lima"]
[Date "2023.09.22"]
[Round "9.18"]
[White "Bedoya Rosales, Luis"]
[Black "Rojas Linares, Nicolas Gabriel"]
[Result "1-0"]
[WhiteElo "1971"]
[BlackElo "1727"]
[PlyCount "75"]
[EventDate "2023.09.14"]
[EventType "swiss"]
[EventRounds "9"]
[EventCountry "PER"]
[SourceTitle "EXT 2024"]
[Source "ChessBase"]
[SourceDate "2023.10.10"]
[SourceVersion "1"]
[SourceVersionDate "2023.10.10"]
[SourceQuality "1"]

1. c4 e5 2. Nc3 Be7 3. g3 f5 4. Bg2 Nf6 5. d3 d6 6. e3 0-0 7. Nge2 c6 8. 0-0 Be6 9. f4 Nbd7 10. b4 a6 11. Rb1 Qe8 12. Bd2 h6 13. a4 Kh7 14. b5 axb5 15. axb5 Nc5 16. bxc6 bxc6 17. fxe5 dxe5 18. Qc2 e4 19. d4 Na6 20. Na4 g5 21. Nb6 Rd8 22. d5 cxd5 23. Nd4 Bc5 24. Nxf5 dxc4 25. Nd4 Bxd4 26. exd4 Rxd4 27. Bc3 Qd8 28. Qb2 Rd6 29. Rxf6 Rxf6 30. Bxf6 Rd1+ 31. Rxd1 Qxd1+ 32. Bf1 Kg6 33. Qd4 Qf3 34. Bh8 e3 35. Qb2 Bg4 36. Nxc4 e2 37. Ne5+ Kh5 38. Nxf3 1-0

[Event "South America-ch 1st"]
[Site "Lima"]
[Date "2023.09.20"]
[Round "7"]
[White "Nunez Villazana, Norbil Marco"]
[Black "Rojas Linares, Nicolas Gabriel"]
[Result "1/2-1/2"]
[WhiteElo "1930"]
[BlackElo "1727"]
[PlyCount "64"]
[EventDate "2023.09.14"]
[EventType "swiss"]
[EventRounds "9"]
[EventCountry "PER"]
[SourceTitle "EXT 2024"]
[Source "ChessBase"]
[SourceDate "2023.10.10"]
[SourceVersion "1"]
[SourceVersionDate "2023.10.10"]
[SourceQuality "1"]

1. d4 Nf6 2. c4 g6 3. Nc3 d5 4. cxd5 Nxd5 5. Bd2 Bg7 6. e4 Nb6 7. Be3 0-0 8. Be2 Nc6 9. Nf3 Bg4 10. e5 Nb4 11. 0-0 c6 12. a3 N4d5 13. Nxd5 Nxd5 14. Nd2 Nxe3 15. fxe3 Bxe2 16. Qxe2 c5 17. Nf3 cxd4 18. exd4 Qd5 19. Rac1 Rac8 20. Rfd1 Bh6 21. Rxc8 Rxc8 22. Kh1 Qb3 23. Ne1 e6 24. Nd3 Qc4 25. Qf2 Qc2 26. Qf3 Qc6 27. Qe2 Qc4 28. Qf2 Qc2 29. Qf3 Qc6 30. Qe2 Qc4 31. Qf2 Qc2 32. Qf3 Qc6 1/2-1/2

[Event "South America-ch 1st"]
[Site "Lima"]
[Date "2023.09.19"]
[Round "6"]
[White "Rojas Linares, Nicolas Gabriel"]
[Black "Bao Ataucusi, Sebastian Anton"]
[Result "1-0"]
[WhiteElo "1727"]
[BlackElo "1271"]
[PlyCount "95"]
[EventDate "2023.09.14"]
[EventType "swiss"]
[EventRounds "9"]
[EventCountry "PER"]
[SourceTitle "EXT 2024"]
[Source "ChessBase"]
[SourceDate "2023.10.10"]
[SourceVersion "1"]
[SourceVersionDate "2023.10.10"]
[SourceQuality "1"]

1. e4 c5 2. Nf3 d6 3. d4 cxd4 4. Nxd4 Nf6 5. Nc3 Nc6 6. Bg5 e6 7. Qd2 a6 8. 0-0-0 Bd7 9. f3 Be7 10. Nxc6 Bxc6 11. Kb1 b5 12. Qe3 Qc7 13. Bxf6 gxf6 14. Ne2 Rc8 15. Nd4 Bd7 16. Bd3 Qb6 17. Rhe1 a5 18. Nxb5 Qxe3 19. Rxe3 Rg8 20. Bf1 Bxb5 21. Bxb5+ Kd8 22. g3 Rc5 23. a4 Kc7 24. c3 Rh5 25. Rd2 f5 26. e5 d5 27. f4 Bc5 28. Re1 Kb7 29. Red1 Rh6 30. b4 axb4 31. cxb4 Bxb4 32. Rc2 Ba5 33. Ka2 Rc8 34. Ba6+ Kxa6 35. Rxc8 Rxh2+ 36. Ka3 Rg2 37. Ra8+ Kb7 38. Rxa5 Rxg3+ 39. Kb4 Rf3 40. Rb5+ Ka6 41. Rd4 h5 42. Rb8 h4 43. Rh8 h3 44. Kc5 Re3 45. Rb4 Ka7 46. Kd6 Re4 47. Rxe4 fxe4 48. Kc5 1-0

[Event "Lima Silicio op 2nd"]
[Site "Lima"]
[Date "2023.03.05"]
[Round "7"]
[White "Rojas Linares, Nicolas Gabriel"]
[Black "Flores Tomasto, Luis"]
[Result "0-1"]
[WhiteElo "1613"]
[BlackElo "2229"]
[PlyCount "102"]
[EventDate "2023.03.03"]
[EventType "swiss"]
[EventRounds "7"]
[EventCountry "PER"]
[SourceTitle "CBM 213 Extra"]
[Source "ChessBase"]
[SourceDate "2023.05.31"]
[SourceVersion "1"]
[SourceVersionDate "2023.05.31"]
[SourceQuality "1"]

1. e4 c5 2. Nf3 d6 3. d4 cxd4 4. Nxd4 Nf6 5. Nc3 a6 6. f3 e5 7. Nb3 Be7 8. Be3 Be6 9. Qd2 h5 10. 0-0-0 Nbd7 11. Kb1 Rc8 12. Be2 b5 13. a3 Nb6 14. Nc1 0-0 15. N1a2 d5 16. Bxb6 Qxb6 17. exd5 Rfd8 18. Qg5 Bxd5 19. Qxe5 Be6 20. Bd3 Bd6 21. Qg5 Rc5 22. Qe3 Qc7 23. Qd4 Be7 24. Qe3 Re5 25. Qf2 Bc5 26. Qg3 Bd6 27. Qf2 Rb8 28. Qd2 Rb6 29. Rhe1 Rxe1 30. Qxe1 Bxh2 31. Ne4 Nxe4 32. Qxe4 g6 33. g4 h4 34. Rh1 Bg3 35. Qe3 a5 36. Nc3 b4 37. axb4 Rxb4 38. Ne4 Qb8 39. Nxg3 Rxb2+ 40. Kc1 hxg3 41. Kd2 Rb1 42. Rxb1 Qxb1 43. Bxg6 g2 44. Bxf7+ Kxf7 45. Qf4+ Ke8 46. Qa4+ Ke7 47. Qxa5 g1Q 48. Qc7+ Bd7 49. Qe5+ Kd8 50. Qh8+ Kc7 51. Qe5+ Kc8 0-1

[Event "Lima Silicio op 2nd"]
[Site "Lima"]
[Date "2023.03.05"]
[Round "5"]
[White "Sinti Pio, Jesus Moises"]
[Black "Rojas Linares, Nicolas Gabriel"]
[Result "1-0"]
[WhiteElo "1910"]
[BlackElo "1613"]
[PlyCount "51"]
[EventDate "2023.03.03"]
[EventType "swiss"]
[EventRounds "7"]
[EventCountry "PER"]
[SourceTitle "CBM 213 Extra"]
[Source "ChessBase"]
[SourceDate "2023.05.31"]
[SourceVersion "1"]
[SourceVersionDate "2023.05.31"]
[SourceQuality "1"]

1. e4 c5 2. Nc3 Nc6 3. g3 g6 4. Bg2 Bg7 5. d3 e6 6. Be3 Nd4 7. Nce2 Nxe2 8. Nxe2 Bxb2 9. Rb1 Qa5+ 10. Bd2 Qxa2 11. Rxb2 Qxb2 12. Bc3 Qa3 13. Bxh8 f6 14. 0-0 Kf7 15. e5 f5 16. Qd2 Rb8 17. h4 b5 18. Qg5 Ba6 19. h5 Qa4 20. Nf4 Ne7 21. Qf6+ Ke8 22. Bg7 Kd8 23. Bf8 Rc8 24. Qxe7+ Kc7 25. Qd6+ Kd8 26. Nxe6+ 1-0

[Event "South America-ch U10 16th"]
[Site "Buenos Aires"]
[Date "2019.12.04"]
[Round "5.9"]
[White "Rojas Linares, Nicolas Gabriel"]
[Black "Zockun, Ivan Zancaner"]
[Result "0-1"]
[WhiteElo "1225"]
[BlackElo "1373"]
[PlyCount "86"]
[EventDate "2019.12.01"]
[EventType "swiss"]
[EventRounds "9"]
[EventCountry "ARG"]
[SourceTitle "EXT 2024"]
[Source "ChessBase"]
[SourceDate "2023.10.10"]
[SourceVersion "1"]
[SourceVersionDate "2023.10.10"]
[SourceQuality "1"]

1. e4 e6 2. d4 d5 3. Nd2 dxe4 4. Nxe4 Nd7 5. Nf3 Ngf6 6. Bd3 b6 7. Bg5 Be7 8. Nxf6+ Nxf6 9. c3 0-0 10. Qc2 h6 11. h4 Ng4 12. Bxe7 Qxe7 13. Be4 Rb8 14. 0-0-0 f5 15. Bd3 Bd7 16. Rde1 Qd6 17. Ne5 Nxe5 18. Rxe5 c5 19. Rhe1 cxd4 20. Bc4 dxc3 21. Bxe6+ Bxe6 22. Rxe6 cxb2+ 23. Kxb2 Qb4+ 24. Ka1 Rbc8 25. Qb2 Qxh4 26. Re7 Rf7 27. Re8+ Rxe8 28. Rxe8+ Kh7 29. Qb3 Qd4+ 30. Kb1 Qd7 31. Re3 Rf6 32. Rd3 Qe6 33. Qd1 Qe4 34. f3 Qb4+ 35. Rb3 Rd6 36. Qc1 Qd4 37. Qc8 Qd1+ 38. Kb2 Qd2+ 39. Ka3 Qa5+ 40. Kb2 Rd2+ 41. Kc1 Rxg2 42. Qc3 Qxc3+ 43. Rxc3 Rxa2 0-1

[Event "Pan American-ch U10"]
[Site "Guayaquil"]
[Date "2019.07.24"]
[Round "6"]
[White "Rojas Linares, Nicolas Gabriel"]
[Black "Mendoza Insunza, Miguel Angel"]
[Result "0-1"]
[WhiteElo "1113"]
[BlackElo "1248"]
[PlyCount "131"]
[EventDate "2019.07.21"]
[EventType "swiss"]
[EventRounds "9"]
[EventCountry "ECU"]
[SourceTitle "EXT 2020"]
[Source "ChessBase"]
[SourceDate "2019.10.17"]
[SourceVersion "1"]
[SourceVersionDate "2019.10.17"]
[SourceQuality "1"]

1. e4 d6 2. d4 Nf6 3. Nc3 g6 4. Nf3 Bg7 5. Be2 0-0 6. Bg5 h6 7. Bh4 Bg4 8. h3 Bxf3 9. Bxf3 e5 10. dxe5 dxe5 11. Qxd8 Rxd8 12. Bxf6 Bxf6 13. Nd5 Nd7 14. Bg4 c6 15. Nxf6+ Nxf6 16. Bf3 Rd4 17. c3 Rd6 18. Ke2 Rad8 19. Rad1 Rxd1 20. Rxd1 Rxd1 21. Kxd1 Kf8 22. Kd2 Ke7 23. Ke3 Kd6 24. Bd1 Nd7 25. Bb3 f5 26. Bf7 Nf8 27. f4 a5 28. a4 Ke7 29. Bc4 Nd7 30. b4 b6 31. Bd3 Kf6 32. g4 exf4+ 33. Kxf4 g5+ 34. Ke3 fxg4 35. hxg4 Ne5 36. Be2 Ke6 37. c4 axb4 38. c5 b3 39. Kd2 b2 40. Kc2 b1Q+ 41. Kxb1 b5 42. axb5 cxb5 43. Bxb5 Nxg4 44. Bc4+ Ke7 45. Kc1 Nf2 46. e5 Ng4 47. e6 Ne5 48. Bd5 Nd3+ 49. Kd2 Nxc5 50. Ke3 Nxe6 51. Kf3 Ng7 52. Kg4 Kd6 53. Be4 Ke6 54. Bd3 Kf6 55. Be2 h5+ 56. Kg3 Ke5 57. Bd1 Nf5+ 58. Kh3 h4 59. Bf3 Kf4 60. Bd1 Ne3 61. Bh5 Nd5 62. Bd1 Nf6 63. Be2 Ne4 64. Bh5 Nf2+ 65. Kg2 Ng4 66. Kh3 0-1